| 000 | 00394nam a2200145 a 4500 | ||
|---|---|---|---|
| 001 | 593 | ||
| 003 | CDMR | ||
| 005 | 20130704121551.0 | ||
| 008 | 130130s2010||||||||||||||||||||||||||||d | ||
| 040 |
_aCDMR _bcat _cCPC GIRONA |
||
| 100 | 1 |
_aSuquet, Maria Àngels _9440 |
|
| 245 | 1 | 0 |
_aCosta Brava Panoràmica _b1890-1955 _cSuquet, Maria Àngels , Auladell, Marc |
| 260 |
_c2010 _bEfadós |
||
| 942 |
_cMON _2udc |
||
| 999 |
_c593 _d593 |
||